Deniz hukuku I : (Record no. 200130063)
[ view plain ]
| 000 -LEADER | |
|---|---|
| fixed length control field | 00752 a2200253 4500 |
| 001 - CONTROL NUMBER | |
| control field | 200130063 |
| 003 - CONTROL NUMBER IDENTIFIER | |
| control field | TR-AnTOB |
| 005 - DATE AND TIME OF LATEST TRANSACTION | |
| control field | 20190408220339.0 |
| 008 - FIXED-LENGTH DATA ELEMENTS--GENERAL INFORMATION | |
| fixed length control field | 130724s2006 tu 001 0 |
| 020 ## - INTERNATIONAL STANDARD BOOK NUMBER | |
| International Standard Book Number | 9756194529 |
| 040 ## - CATALOGING SOURCE | |
| Original cataloging agency | TR-AnTOB |
| 041 ## - LANGUAGE CODE | |
| Language code of text/sound track or separate title | Türkçe |
| 050 #0 - LIBRARY OF CONGRESS CALL NUMBER | |
| Classification number | KKX970 |
| Item number | .O96 2006 |
| 090 ## - LOCALLY ASSIGNED LC-TYPE CALL NUMBER (OCLC); LOCAL CALL NUMBER (RLIN) | |
| Classification number (OCLC) (R) ; Classification number, CALL (RLIN) (NR) | KKX970.O96 2006 |
| 100 1# - MAIN ENTRY--PERSONAL NAME | |
| Personal name | Özman, Aydoğan |
| 9 (RLIN) | 82993 |
| 245 10 - TITLE STATEMENT | |
| Title | Deniz hukuku I : |
| Remainder of title | giriş-kaynaklar-kişiler-nesneler-ulusal alanlar / |
| Statement of responsibility, etc. | Aydoğan Özman. |
| 264 #1 - PRODUCTION, PUBLICATION, DISTRIBUTION, MANUFACTURE, AND COPYRIGHT NOTICE | |
| Place of production, publication, distribution, manufacture | Ankara : |
| Name of producer, publisher, distributor, manufacturer | Turhan Kitabevi Yayınları, |
| Date of production, publication, distribution, manufacture, or copyright notice | 2006. |
| 300 ## - PHYSICAL DESCRIPTION | |
| Extent | xxiii, 465 p.; |
| Dimensions | 24 cm. |
| 504 ## - BIBLIOGRAPHY, ETC. NOTE | |
| Bibliography, etc. note | |
| 650 #0 - SUBJECT ADDED ENTRY--TOPICAL TERM | |
| Topical term or geographic name entry element | Deniz hukuku |
| Geographic subdivision | Türkiye |
| 9 (RLIN) | 27559 |
| Topical term or geographic name entry element | Maritime law |
| Geographic subdivision | Turkey |
| 9 (RLIN) | 43805 |
| 942 ## - ADDED ENTRY ELEMENTS (KOHA) | |
| Koha item type | Book |
| Withdrawn status | Lost status | Source of classification or shelving scheme | Not for loan | Collection code | Home library | Current library | Shelving location | Date acquired | Source of acquisition | Cost, normal purchase price | Inventory number | Total Checkouts | Total Holds | Full call number | Barcode | Date last seen | Date last checked out | Copy number | Cost, replacement price | Date shelved | Koha item type | Total Renewals |
|---|---|---|---|---|---|---|---|---|---|---|---|---|---|---|---|---|---|---|---|---|---|---|
| Library of Congress Classification | Ödünç Verilebilir / Available | Genel Koleksiyon | Merkez Kütüphane | Merkez Kütüphane | Genel Koleksiyon / Main Collection | 24/07/2013 | Satın Alma / Purchase | 0.00 | HUK | 1 | KKX970 .O96 2006 | 0042569 | 16/10/2024 | 24/09/2024 | 1 | 13.77 | 17/07/2013 | Book | ||||
| Library of Congress Classification | Ödünç Verilebilir / Available | Genel Koleksiyon | Merkez Kütüphane | Merkez Kütüphane | Genel Koleksiyon / Main Collection | 24/07/2013 | Satın Alma / Purchase | 0.00 | HUK | KKX970 .O96 2006 | 0042570 | 2 | 13.77 | 17/07/2013 | Book | |||||||
| Library of Congress Classification | Ödünç Verilebilir / Available | Genel Koleksiyon | Merkez Kütüphane | Merkez Kütüphane | Genel Koleksiyon / Main Collection | 24/07/2013 | Satın Alma / Purchase | 0.00 | HUK | 1 | KKX970 .O96 2006 | 0042571 | 04/12/2018 | 03/11/2018 | 3 | 13.77 | 17/07/2013 | Book | 1 |
